000 01208nam a2200277 a 4500
001 BRCA_4896
005 20190320204841.0
008 201010s1810----mx-#######---#000-0#spa-#
041 _aspa
044 _amx
084 _aDOC4
_b.C35
_c1810
100 1 _aCalleja del Rey, Félix María
_d1753-1828
_912245
245 1 0 _aDocumento firmado por Don Félix María Calleja del Rey
_cFélix María Calleja del Rey ; Joaquín Cortina Gómez.
260 _aSan Luis Potosí, México
_c1810
300 _a[3] fojas
_c21 x 5 cm.
500 _aDocumento firmado el 9 de febrero de 1810.
500 _aDocumento de Don Félix María Calleja, firmado en San Luis Potosí y dirigido a Don Joaquín Cortina Gómez. En esta le habla de asuntos personales.
500 _aEl documento contiene la leyenda DOC. #13.
506 0 _aFondo Reservado. Para su consulta es necesario credencial de usuario y carta de motivos.
546 _aTexto en: español de principios del siglo XIX.
600 1 4 _aCalleja del Rey, Félix María
_d1753-1828
_xHistoria
_912246
651 4 _aMéxico
_xHistoria
_yGuerra de Independencia, 1810-1821
_912406
700 1 _aCortina Gómez, Joaquín
_912407
902 _aFDH
942 _2lcc
_cD
999 _c4590
_d4590